| 000 | 01914nam a2200193 i 4500 | ||
|---|---|---|---|
| 001 | 172563 | ||
| 003 | ES-MaACL | ||
| 005 | 20230929062539.0 | ||
| 008 | 090720s1870 sp |||| | spa d | ||
| 080 | _a821.134.2 | ||
| 080 | _a811.134.2 | ||
| 110 | 2 |
_aReal Academia Española _96336 |
|
| 245 | 1 | 0 |
_aMemorias de la Real Academia Española, _f1870 / _cReal Academia Española. |
| 260 |
_aMadrid : _b[s.n.], _c1870 ( _fImp. M. Ribedeneyra) |
||
| 300 |
_a1 v. ; _c24 cm. |
||
| 505 | 8 | _aContiene: T. II: Discurso leído el 28 de noviembre de 1845 / Ventura de la Vega (15 p.). Discurso leído el 28 de noviembre de 1869 / Francisco de Paula Canalejas (p. 16-88). Contestación / Juan Valera (p. 89-136). Una Suiza en el siglo XVI / Antonio Martín Gamero (p. 137-175). Reseña histórica de la fundación, progresos y vicisitudes de la Real Academia Española / Antonio Ferrer del Río (p. 176-196). Discurso leído el 25 de marzo de 1870 / Adelardo López de Ayala (p. 197-240). Contestación / Marqués de Molins (p. 241-279). Influjo de la crítica moderna en la decadencia del teatro antiguo español / Agustín Durán (p. 280-336). Oración fúnebre en las honras de Miguel de Cervantes Saavedra y demás ingenios españoles / Antonio Monescillo (p. 337-372). Elogio al Rey D. Alfonso el Sabio / Joseph de Vargas y Ponce (p. 373-434). Elogi fúneber de D. Ventura de la Vega / Conde de Chaste (p. 435-467). El libro primero de la Eneida traducido en verso al castellano / Ventura de la Vega (468-497). Discurso necrológico literario en elogio del Duque de Rivas / Leopoldo Augusto de Cueto (p. 498-601). Elogio de D. Alonso Tostado, Obispo de Ávila el 15 de octubre de 1782 (p. 602-628). Discurso leído el 10 de septiembre de 1810 / Juan Meléndez Valdés (p. 629-631). Discurso leído el 1 de marzo de 1814 / Manuel José Quintana (p. 633-638). | |
| 852 |
_aES-MaACL _jK-160 |
||
| 999 |
_c172563 _d172563 |
||